| Tag |
First Indicator |
Second Indicator |
Subfields |
| LEADER |
00000cam a2200000Ia 4500 |
| 001 |
in00002597713 |
| 005 |
20151201154642.0 |
| 007 |
he amb---bacp |
| 007 |
hz bhb---babp |
| 008 |
100122s19uu enka jb 000 0 eng d |
| 035 |
|
|
|a (OCoLC)ocn501300151
|
| 035 |
|
|
|a (OCoLC)501300151
|
| 037 |
|
|
|a CL0021000043
|b ProQuest, 789 E. Eisenhower Parkway, Ann Arbor, MI 48108-3218
|
| 040 |
|
|
|a UMI
|c UMI
|d UtOrBLW
|
| 049 |
|
|
|a UMIA
|
| 090 |
|
|
|a PZ5
|b .O67 1990 no.043:356.
|
| 245 |
0 |
4 |
|a The children's treasury.
|
| 264 |
|
0 |
|a London :
|b Juvenile Productions,
|c [between 1900 and 1999?]
|
| 300 |
|
|
|a 93 pages :
|b illustrations
|
| 336 |
|
|
|a text
|b txt
|2 rdacontent
|
| 337 |
|
|
|a microform
|b h
|2 rdamedia
|
| 338 |
|
|
|a microfiche
|b he
|2 rdacarrier
|
| 500 |
|
|
|a Reproduction of original in the Bodleian Library.
|
| 510 |
4 |
|
|a Opie,
|c QQ 19
|
| 533 |
|
|
|a Microfiche.
|b Ann Arbor, Mich. :
|c ProQuest,
|d 2001.
|e 2 microfiches ; 11 x 15 cm.
|f (Opie collection of children's literature ; 043:356).
|7 s2001 miun b
|
| 500 |
|
|
|a Microform.
|
| 650 |
|
0 |
|a Children's stories, English.
|
| 650 |
|
0 |
|a Children's poetry, English.
|
| 650 |
|
0 |
|a Riddles, Juvenile.
|
| 830 |
|
0 |
|a Opie collection of children's literature ;
|v 043:356.
|
| 994 |
|
|
|a 02
|b UMI
|
| 999 |
|
|
|a MARS
|
| 999 |
f |
f |
|s b1fd71e8-5d41-33ac-aeeb-7eecc8f71f8e
|i 9f3525de-d55e-3ae5-87ba-101a4368d089
|t 0
|
| 952 |
f |
f |
|a Texas A&M University
|b College Station
|c Sterling C. Evans Library
|d Evans: Microforms Fiche (3rd floor)
|t 0
|e PZ5 .O67 1990 no.043:356.
|h Library of Congress classification
|
| 998 |
f |
f |
|a PZ5 .O67 1990 no.043:356.
|t 0
|l Evans: Microforms Fiche (3rd floor)
|